Jhené Aiko Discography - Statistics

General Stats
  • This quiz has been taken 23 times
  • The average score is 4 of 5
Answer Stats
Year Name Type % Correct
2014 Souled Out Album
91%
2017 Trip Album
87%
2011 .sailing soul(s). Mixtape
83%
2013 Sail Out Mixtape
78%
2016 TWENTY88 Album (Collab)
70%
No matching quizzes found
Score Distribution
Percent of People with Each Score
Percentile by Number Answered
Your Score History
You have not taken this quiz